[Event "HUN-chT2 Toth 1617"]
[Site "Hungary"]
[Date "2016.10.30"]
[Round "3.11"]
[White "Magold, Filip"]
[Black "Hideg, Ferenc Bendeguz"]
[Result "1/2-1/2"]
[WhiteElo "1384"]
[BlackElo "1532"]
[PlyCount "90"]
[EventDate "2016.09.25"]
[EventType "team-tourn"]
[EventRounds "11"]
[EventCountry "HUN"]
[SourceTitle "EXT 2021"]
[Source "ChessBase"]
[SourceDate "2020.10.23"]
[SourceVersion "1"]
[SourceVersionDate "2020.10.23"]
[SourceQuality "1"]
[WhiteTeam "Gyula"]
[BlackTeam "Felegyhaza Csongrad"]
[WhiteTeamCountry "HUN"]
[BlackTeamCountry "HUN"]

1. Nf3 Nf6 2. c4 c6 3. b3 d5 4. e3 Bf5 5. Nc3 e6 6. Bb2 Be7 7. d4 Qa5 8. Bd3 Bxd3 9. Qxd3 0-0 10. 0-0 Nbd7 11. e4 dxe4 12. Nxe4 Nxe4 13. Qxe4 Bf6 14. Rfe1 Rfe8 15. Qc2 e5 16. dxe5 Nxe5 17. Nxe5 Bxe5 18. b4 Qc7 19. Bxe5 Rxe5 20. a3 Rae8 21. Qd2 Rxe1+ 22. Rxe1 Rxe1+ 23. Qxe1 Qd7 24. g3 h6 25. Qe3 a6 26. Kg2 b5 27. c5 Qd5+ 28. Qf3 Qe6 29. h4 Qd7 30. Qe3 Qd5+ 31. f3 Qd7 32. g4 Qd8 33. Qf2 Qd5 34. Qe3 Qd8 35. Kg3 Qc7+ 36. Qf4 Qe7 37. Qe4 Qxe4 38. fxe4 g5 39. hxg5 hxg5 40. e5 Kf8 41. Kf3 Ke7 42. Ke4 Ke6 43. Kd4 f6 44. exf6 Kxf6 45. Ke4 Ke6 1/2-1/2